Northernmost to Southernmost: North America - Statistics

General Stats
  • This quiz has been taken 25 times
  • The average score is 18 of 23
Answers on the Map
Answers color-coded by a green-red scale on the quiz's map according to % correct below.
 
Answer Stats
Answer % Correct
Canada
100%
Mexico
100%
United States
100%
Bahamas
86%
Cuba
86%
Dominican Republic
86%
Haiti
86%
Jamaica
82%
Antigua and Barbuda
73%
Belize
73%
Costa Rica
73%
Guatemala
73%
Panama
73%
Saint Kitts and Nevis
73%
Barbados
68%
Grenada
68%
Honduras
68%
Nicaragua
68%
Saint Lucia
68%
Saint Vincent and the Grenadines
68%
Trinidad and Tobago
68%
Dominica
64%
El Salvador
64%
No matching quizzes found
Score Distribution
Percent of People with Each Score
Percentile by Number Answered
Your Score History
You have not taken this quiz